Представление документа в формате RUSMARC

ПолеНазваниеЗначение
  Тип записи a
  Библиографический уровень m
001 Контрольный номер UONB/MAIN/4389db1d04f642c992ace5638261ea29
005 Дата корректировки 20241224140139.3
010 Индекс ISBN __
a ISBN 978-5-699-93799-8
b Уточнения в пер.
d Цена 200 р.
100 Данные общей обработки __
a Данные общей обработки 20240805d2019 u y0rusy0189## ca
101 Язык документа 1_
a Язык текста rus
c Язык оригинала eng
102 Страна публикации __
a Страна публикации RU
105 Кодированные данные (монография) __
a Кодированные данные (монография) a z 001yy
200 Заглавие и сведения об ответственности 1_
a Заглавие Парфюм
f Первые сведения об ответственности Лиззи Остром
e Сведения, относящиеся к заглавию история ароматов XX века
g Последующие сведения об ответственности перевод с английского И. Крупичевой
203 Вид содержания и тип средства __
a Вид содержания Текст
b Характеристика содержания визуальный
c Тип средства непосредственный
210 Выходные данные 1_
a Место издания Москва
c Издательство Эксмо
c Издательство ОДРИ
d Дата издания 2019
215 Физическое описание __
a Объем 475, [1] с.
d Формат 22 см
c Иллюстрации/тип воспроизводства ил.
225 Серия 1_
a Серия История моды в деталях
320 Библиография __
a Библиография Библиогр.: с. 432-460
320 Библиография __
a Библиография Алф. указ.: с. 461-475
606 Тематические рубрики 0_
a Основная рубрика Парфюмерно-косметические изделия
x Основная подрубрика История
610 Ключевые слова 0_
a Ключевые слова парфюмерно-косметические изделия; духи; история ароматов; ароматы; парфюмерные изделия
686 Индексы других классификаций __
2 Код системы rubbk
a Классификационный индекс 35.684г
700 Автор _1
a Фамилия Остром
b Имя (инициалы) Л.
g Полное личное имя Лиззи
702 Вторичная интеллектуальная ответственность _1
a Фамилия Крупичева
b Имя (инициалы) И.Ю.
4 Код отношения 730
801 Источник записи _0
a Страна RU
b Организация Ульяновская ОНБ
c Дата составления 20240805
g Правила каталогизации RCR
801 Источник записи _1
a Страна RU
b Организация Ульяновская ОНБ
c Дата составления 20240805
g Правила каталогизации RCR
900 Электронные ресурсы __
a Имя электронного ресурса 2624Ц0096
900 Электронные ресурсы __
a Имя электронного ресурса 2624Ц0097
901 Тип документа __
t Тип документа m
909 Создатель записи __
a Создатель записи Макушик
b Дата создания записи 20240805
910 Корректоры записи __
a Корректор записи Батталова
b Дата внесения изменения в запись 20241224